000 00381nam a2200157Ia 4500
008 230312s9999||||xx |||||||||||||| ||und||
020 _a81-7992-290-1
082 _a658.4092
_bLEE
100 _aLee, Graham
245 0 _aLeadership Coaching
260 _bJaico Books
_aNew Dehli
_c2004
300 _a170
546 _aEng.
650 _aManagement
_vLeadership Coaching
942 _cBK
999 _c369
_d369